Skip to main content
Your cart is empty.
Your lists
Log in to create your own lists
Your cookies
العربية
English
العربية
Home
Search
Advanced search
Authority search
About
The noble scholar, jurist, historian
His Excellency Dr. Abdul Wahhab bin Ibrahim Abu Sulaiman, may Allah have mercy on him.
He was born in Umm Al-Qura in the year 1356 AH.
Library catalog
Title
Author
Subject
ISBN
ISSN
Series
Call number
Log in to your account
×
Login:
Password:
Home
MARC view: القبس الحاوي لغرر ضوء السخاوي /
Normal view
MARC view
ISBD view
القبس الحاوي لغرر ضوء السخاوي / (Record no. 1354)
[
view plain
]
MARC details
000 -LEADER
fixed length control field
01952cam a22003611ia4500
003 - CONTROL NUMBER IDENTIFIER
control field
SA-RiAUC
005 - DATE AND TIME OF LATEST TRANSACTION
control field
20241015132111.0
008 - FIXED-LENGTH DATA ELEMENTS--GENERAL INFORMATION
fixed length control field
241014s1998 le g b 00100cara c
020 ## - INTERNATIONAL STANDARD BOOK NUMBER
International Standard Book Number
6006
040 ## - CATALOGING SOURCE
Original cataloging agency
SA-RiAUC
Language of cataloging
ara
Transcribing agency
SA-RiAUC
Description conventions
rda
082 04 - DEWEY DECIMAL CLASSIFICATION NUMBER
Classification number
920.02
Assigning agency
SA-RiAUC
090 ## - LOCALLY ASSIGNED LC-TYPE CALL NUMBER (OCLC); LOCAL CALL NUMBER (RLIN)
Classification number (OCLC) (R) ; Classification number, CALL (RLIN) (NR)
920.02 ع م ر
Local cutter number (OCLC) ; Book number/undivided call number, CALL (RLIN)
ع م ر
100 1# - MAIN ENTRY--PERSONAL NAME
Personal name
عمر الشماع، عمر بن أحمد بن علي،
Dates associated with a name
880-936 هجري.
Relator term
مؤلف.
245 12 - TITLE STATEMENT
Title
القبس الحاوي لغرر ضوء السخاوي /
Statement of responsibility, etc.
تأليف زين الدين عمر بن أحمد بن على بن محمود الشماع الحلبي ؛ حققه وعلق عليه وصنع فهارسه حسن إسماعيل مروة، خلدون حسن مروة ؛ خرج أحاديثه وقدم له محمود الأرناؤوط.
250 ## - EDITION STATEMENT
Edition statement
الطبعة الأولى.
264 #1 - PRODUCTION, PUBLICATION, DISTRIBUTION, MANUFACTURE, AND COPYRIGHT NOTICE
Place of production, publication, distribution, manufacture
بيروت :
Name of producer, publisher, distributor, manufacturer
دار صادر للطباعة والنشر،
Date of production, publication, distribution, manufacture, or copyright notice
1998
300 ## - PHYSICAL DESCRIPTION
Extent
2 مجلد ؛
Dimensions
24 × 17 سم
336 ## - CONTENT TYPE
Content type term
نص
Content type code
txt
Source
rdacontent
Materials specified
كتاب
337 ## - MEDIA TYPE
Media type term
بدون وسيط
Media type code
n
Source
rdamedia
338 ## - CARRIER TYPE
Carrier type term
مجلد
Carrier type code
nc
Source
rdacarrier
500 ## - GENERAL NOTE
General note
كشافات عامة : صفحة 405-531.
504 ## - BIBLIOGRAPHY, ETC. NOTE
Bibliography, etc. note
يشتمل على إرجاعات ببليوجرافية.
563 ## - BINDING INFORMATION
Binding note
مجلد فني أبيض.
650 #7 - SUBJECT ADDED ENTRY--TOPICAL TERM
Topical term or geographic name entry element
تراجم
Chronological subdivision
قرن 15
Source of heading or term
aucsh
700 1# - ADDED ENTRY--PERSONAL NAME
Personal name
مروة، حسن إسماعيل
Relator term
محقق.
700 1# - ADDED ENTRY--PERSONAL NAME
Personal name
مروة، خلدون حسن
Relator term
محقق.
700 1# - ADDED ENTRY--PERSONAL NAME
Personal name
الأرناؤوط، محمود،
Dates associated with a name
1954-
Relator term
مخرج أحاديث.
700 12 - ADDED ENTRY--PERSONAL NAME
Relationship information
شرح لـ (عمل) :
Personal name
السخاوي، محمد بن عبد الرحمن بن محمد،
Dates associated with a name
831-902 هجري.
Title of a work
الضوء اللامع لأهل القرن التاسع
700 12 - ADDED ENTRY--PERSONAL NAME
Relationship information
تحقيق لـ (عمل) :
Personal name
عمر الشماع، عمر بن أحمد بن علي،
Dates associated with a name
1475-1529.
Title of a work
القبس الحاوي لغرر ضوء السخاوي
942 ## - ADDED ENTRY ELEMENTS (KOHA)
Source of classification or shelving scheme
Dewey Decimal Classification
Koha item type
Books
Suppress in OPAC
No
949 ## - LOCAL PROCESSING INFORMATION (OCLC)
a
SA-JeALM
d
241014
u
mohamedma123
n
1
Holdings
Withdrawn status
Lost status
Source of classification or shelving scheme
Materials specified (bound volume or other part)
Damaged status
Not for loan
Home library
Current library
Date acquired
Total checkouts
Full call number
Barcode
Date last seen
Price effective from
Koha item type
Dewey Decimal Classification
المجلد الثاني
DR AbdElwahab Library
DR AbdElwahab Library
10/15/2024
920.02 ع م ر
000001870
10/15/2024
10/15/2024
Books
Dewey Decimal Classification
المجلد الاول
DR AbdElwahab Library
DR AbdElwahab Library
04/18/2025
920.02 ع م ر
000011902
04/18/2025
04/18/2025
Books
Place hold
Print
Add to your cart
(remove)
Save record
BIBTEX
Dublin Core
MARCXML
MARC (non-Unicode/MARC-8)
MARC (Unicode/UTF-8)
MARC (Unicode/UTF-8, Standard)
MODS (XML)
RIS
ISBD
More searches
Search for this title in:
Other Libraries (WorldCat)
Other Databases (Google Scholar)
Online Stores (Bookfinder.com)
Open Library (openlibrary.org)
Exporting to Dublin Core...
×
Simple DC-RDF
OAI-DC
SRW-DC